| 000 | 00449cam a2200169ua 4500 | ||
|---|---|---|---|
| 020 | _c3.00 | ||
| 041 |
_amal _h |
||
| 082 |
_a894.81209 _bMAT/PA |
||
| 100 | _aMatthan Tharkan, Puthenkavu . | ||
| 245 |
_aPaurastya nataka darsanam / _cPuthenkavu Matthan Tharakan. _hTextual Documents |
||
| 260 |
_aPathanamthitta : _bAsian Book Stall , _c1970. |
||
| 300 | _a187 ; . | ||
| 365 | _a3.00 | ||
| 504 | _a | ||
| 942 | _cBK | ||
| 999 |
_c11746 _d11746 |
||